El androcentrismo en el lenguaje

Detaylı Bibliyografya
Müşterek Yazar: Centro de Investigación en Estudios de la Mujer
Materyal Türü: Kitap
Dil:İspanyolca
Baskı/Yayın Bilgisi: San José, Costa Rica : CIEM, 2004
Konular:

MARC

LEADER 00000nam a2200000Ia 4500
008 170217b2004 cr ||||| |||| 00| | spa d
999 |c 1128  |d 1128 
090 |a 04.02.01   |b 695 
110 2 |a Centro de Investigación en Estudios de la Mujer  |9 2477 
245 1 3 |a El androcentrismo en el lenguaje 
260 |a San José, Costa Rica :   |b CIEM,   |c 2004 
300 |a 1 volumen (sin paginar) 
650 1 4 |a DERECHOS DE LA MUJER  |9 84 
942 |i 001112 ,001280  |h 04.02.01 695  |2 z  |c 01